[Event "Douglas PokerStars op"]
[Site "Douglas"]
[Date "2015.10.11"]
[Round "9"]
[White "Howell, David"]
[Black "Kuzubov, Yuriy"]
[Result "1-0"]
[WhiteElo "2705"]
[BlackElo "2641"]
[PlyCount "61"]
[EventDate "2015.10.03"]
[EventType "swiss"]
[EventRounds "9"]
[EventCountry "IOM"]
[SourceTitle "CBM 168 Extra"]
[Source "ChessBase"]
[SourceDate "2015.10.29"]
[SourceVersion "1"]
[SourceVersionDate "2015.10.29"]
[SourceQuality "1"]

1. Nf3 c6 2. g3 d5 3. Bg2 Bg4 4. O-O Nd7 5. h3 Bh5 6. d3 e5 7. e4 ({RR} 7. Qe1 Bd6 8. e4 dxe4 9. dxe4 Ne7 10. Nbd2 b5 11. Nh4 f6 12. f4 O-O 13. f5 Bf7 14. g4 c5 15. Nhf3 Nc6 16. Kh1 c4 17. Qg3 Nc5 18. g5 Kh8 19. g6 Bg8 20. gxh7 Bxh7 21. Nh4 Nd4 {Karjakin,S (2770)-Morozevich,A (2724) Sochi 2014 1-0 (41)}) ({RR} 7. c4 dxc4 8. dxc4 Ngf6 9. Nc3 Be7 10. Nh4 O-O 11. Qc2 Re8 12. b3 Qc7 13. Bb2 a5 14. e3 Nb6 15. g4 Bg6 16. Nxg6 hxg6 17. Rac1 a4 18. c5 Bxc5 19. Nb5 cxb5 20. Qxc5 Qxc5 21. Rxc5 axb3 {Coro,L (2316)-Orrego Palermo,M (2019) Buenos Aires ARG 2024 1-0}) 7... dxe4 8. dxe4 Qc7 $146 ({RR} 8... Bc5 9. Qe1 f6 10. Nbd2 Bf7 11. Qe2 Ne7 12. Rd1 Qc7 13. Nb3 Bb6 14. Nfd2 O-O 15. a4 a6 16. Nc4 Rfd8 17. Bd2 Ba7 18. a5 Nc5 19. Be3 Nxb3 20. Bb6 Bxb6 21. axb6 Qc8 22. cxb3 Qe6 23. Qe3 {Panjwani,R (2469)-Zebracki,T (2216) Leca da Palmeira POR 2023 1-0 (32)}) ({RR} 8... Bc5 9. Nbd2 f6 10. Nc4 Qc7 11. Qe1 a5 12. Bd2 Bf7 13. Qe2 Ne7 14. a4 O-O 15. Rfd1 Rfd8 16. Be1 Nc8 17. Nh4 Bf8 18. Nf5 g6 19. Nfe3 Nd6 20. Nxd6 Bxd6 21. Bf1 Nc5 22. Ng4 Kg7 23. Qf3 {Dobosz,H (2457)-Duppel,M (2425) France 2003 ½-½}) 9. Qe1 Nc5 10. a4 Nf6 11. Nh4 O-O-O 12. Nf5 Ne6 13. Nd2 g6 14. Ne3 g5 15. Nf5 Rg8 16. Nc4 g4 17. h4 Bg6 18. c3 Nf4 19. Qe3 Nxg2 20. Qxa7 Kd7 21. Bg5 Ke6 22. Kxg2 Nxe4 23. Bxd8 Qxd8 24. Qxb7 Bxf5 25. Rad1 Bd6 26. Rfe1 Qa8 27. Rxd6+ Nxd6 28. Rxe5+ Kf6 29. Qe7+ Kg7 30. Nxd6 c5+ 31. Kg1 1-0

[Event "Monte Carlo FIDE GP (Women)"]
[Site "Monte Carlo"]
[Date "2015.10.06"]
[Round "4"]
[White "Stefanova, Antoaneta"]
[Black "Koneru, Humpy"]
[Result "1-0"]
[WhiteElo "2500"]
[BlackElo "2578"]
[PlyCount "118"]
[EventDate "2015.10.03"]
[EventType "tourn"]
[EventRounds "11"]
[EventCountry "MNC"]
[EventCategory "11"]
[SourceTitle "CBM 169"]
[Source "ChessBase"]
[SourceDate "2015.11.10"]
[SourceVersion "1"]
[SourceVersionDate "2015.11.10"]
[SourceQuality "1"]

1. Nf3 Nf6 2. g3 b5 3. Na3 a6 4. c4 e6 5. b3 b4 6. Nc2 Bb7 7. Bg2 Be7 8. a3 a5 9. d4 ({RR} 9. O-O O-O 10. axb4 axb4 11. Rxa8 Bxa8 12. Bb2 c5 13. d3 Nc6 14. e4 d5 15. exd5 exd5 16. Ne3 d4 17. Nf5 Re8 18. Nxe7+ Rxe7 19. Bc1 h6 20. h3 Ne5 21. Nxe5 Rxe5 22. Bf4 Re6 23. Re1 Rxe1+ {Ju,W (2514)-Koneru,H (2607) Beijing 2013 ½-½ (59)}) 9... O-O 10. O-O c5 $146 ({RR} 10... Na6 11. Bb2 Qb8 12. Ne3 Ne4 13. Ne5 Qc8 14. d5 Nf6 15. Nd3 Ne8 16. Qc2 Bf6 17. Bxf6 Nxf6 18. axb4 Nxb4 19. Nxb4 axb4 20. Qd2 Rb8 21. Ra4 c5 22. dxc6 Bxc6 23. Rxb4 Bxg2 24. Kxg2 Ne4 25. Rxb8 {Dorrance,A (2268)-Gao,R (1964) Calgary CAN 2023 1-0 (69)}) ({RR} 10... Na6 11. Bb2 Qb8 12. Ne3 Ne4 13. Ne5 Qc8 14. d5 Nf6 15. Nd3 Ne8 16. Qc2 Bf6 17. Bxf6 Nxf6 18. axb4 Nxb4 19. Nxb4 axb4 20. Qd2 Rb8 21. Ra4 c5 22. dxc6 Bxc6 23. Rxb4 Bxg2 24. Kxg2 Ne4 25. Rxb8 {Dorrance,A (2268)-Gao,R (1964) Calgary CAN 2023 1-0 (69)}) 11. dxc5 Bxc5 12. Bb2 Na6 13. Ne5 Bxg2 14. Kxg2 Qb6 15. Nd3 Be7 16. Bd4 Qb7+ 17. f3 d5 18. axb4 dxc4 19. bxc4 axb4 20. Ra5 Rfd8 21. Qa1 Nc7 22. Rb1 Qc6 23. c5 Qd7 24. Ne5 Rxa5 25. Qxa5 Qb5 26. Qxb5 Nxb5 27. Nc6 Nxd4 28. N2xd4 Rd7 29. Nxe7+ Rxe7 30. Rxb4 Kf8 31. c6 Rc7 32. Rb7 Rc8 33. f4 Nd5 34. e4 Ne7 35. Rb6 Ke8 36. Kf3 g6 37. g4 f6 38. e5 fxe5 39. fxe5 Nd5 40. Rb7 Ne7 41. Rb6 Nd5 42. Rb2 Ne7 43. Rc2 g5 44. Ke4 h6 45. Rc5 Kf7 46. c7 Ke8 47. Nxe6 Kd7 48. Nd4 Rxc7 49. Rxc7+ Kxc7 50. Nf5 Ng8 51. Kd5 Kd7 52. h3 Kd8 53. Kd6 Ke8 54. Ke6 Kf8 55. Kd7 Kf7 56. e6+ Kf6 57. e7 Nxe7 58. Nxe7 Ke5 59. Ng8 Ke4 1-0

[Event "Madrid Oliver Gonzalez Memorial 4th"]
[Site "Madrid"]
[Date "2015.10.16"]
[Round "7"]
[White "Grigoryan, Karen H"]
[Black "Ulybin, Mikhail"]
[Result "1-0"]
[WhiteElo "2600"]
[BlackElo "2520"]
[PlyCount "89"]
[EventDate "2015.10.10"]
[EventType "swiss"]
[EventRounds "9"]
[EventCountry "ESP"]
[SourceTitle "CBM 168 Extra"]
[Source "ChessBase"]
[SourceDate "2015.10.29"]
[SourceVersion "1"]
[SourceVersionDate "2015.10.29"]
[SourceQuality "1"]

1. Nf3 d5 2. g3 g6 3. c4 d4 4. d3 Bg7 5. b4 e5 6. Nbd2 Ne7 7. Bg2 O-O 8. O-O a5 9. b5 c5 10. bxc6 Nexc6 11. Ne1 ({RR} 11. Rb1 Na6 12. h4 h6 13. Nh2 Kh7 14. h5 gxh5 15. Ndf3 f5 16. Kh1 Qe7 17. e3 dxe3 18. Bxe3 f4 19. gxf4 exf4 20. Bb6 Bf5 21. Rb5 h4 22. Re1 Qf6 23. Rxf5 Qxf5 24. Nxh4 Qf6 25. Be4+ Kg8 {Kasimdzhanov,R (2700)-Giri,A (2752) Rosmalen 2014 ½-½}) ({RR} 11. Ne4 f5 12. Nc5 Na6 13. Nxa6 Rxa6 14. Nd2 Qe7 15. Rb1 Nb4 16. Ba3 Re8 17. Nb3 b6 18. Qd2 Bf8 19. Rfc1 Be6 20. e3 dxe3 21. Qxe3 Qc7 22. Bb2 Bg7 23. a3 Nc6 24. Re1 Bf7 25. Rbc1 a4 {Afanasiev,N (2541)-Gleizerov,E (2378) Yekaterinburg RUS 2024 1-0 (55)}) ({RR} 11. Ba3 Nb4 12. Ne1 Re8 13. Nc2 Bf8 14. Bb2 N8a6 15. Ne4 f5 16. Nd2 Nc5 17. Na3 Bd7 18. Nb5 Bc6 19. Nf3 Qd7 20. a3 Nba6 21. e3 dxe3 22. Nxe5 Rxe5 23. Bxe5 Bxg2 24. Kxg2 Nxd3 25. Bc3 Qc6+ {Malakhov,V (2691)-Ulybin,M (2521) Jurmala 2016 ½-½ (55)}) 11... Qe7 $146 ({RR} 11... Na6 12. Ba3 Nab4 13. Nc2 Re8 14. Bxb4 Nxb4 15. Na3 Na6 16. Nb5 Nc5 17. Nb3 Bf8 18. a4 Rb8 19. Ra2 Bd7 20. Nd2 Bc6 21. Nf3 Qd7 22. Re1 Rbd8 23. Qa1 b6 24. Qc1 Bg7 25. Rd1 Qb7 26. h4 {Sestjakov,S (2312)-Kalinin,A (2444) Moscow 2001 ½-½ (45)}) ({RR} 11... Na6 12. Nc2 Re8 13. Na3 Nc5 14. Nb5 Bf5 15. Ba3 Bf8 16. Bxc5 Bxc5 17. Ne4 Bxe4 18. Bxe4 f5 19. Bd5+ Kg7 20. a3 Qd7 21. Rb1 Rad8 22. Qd2 b6 23. Kh1 Ne7 24. Bg2 Ng8 25. Rbd1 Nf6 26. Qc1 {Bauer,C (2634)-Brochet,P (2379) Drancy 2016 0-1 (57)}) 12. Nc2 Rd8 13. Rb1 Nb4 14. a3 N4a6 15. e3 Nc6 16. exd4 exd4 17. Re1 Qf8 18. Ne4 h6 19. h4 f5 20. Nd2 Nc5 21. Nf3 Na4 22. Rb5 Nc3 23. Qd2 Re8 24. Bb2 Nxb5 25. cxb5 Rxe1+ 26. Qxe1 Nd8 27. Bxd4 Bd7 28. Ne5 Be8 29. a4 Rc8 30. Nc4 Bxd4 31. Nxd4 Bf7 32. h5 Qc5 33. hxg6 Bxc4 34. Qe8+ Kg7 35. Qd7+ Kxg6 36. dxc4 Qxc4 37. Qxf5+ Kg7 38. Qe5+ Kf8 39. Bd5 Nf7 40. Qf5 Qc1+ 41. Kg2 Rc7 42. Ne6+ Ke8 43. Nxc7+ Qxc7 44. Bxf7+ Qxf7 45. Qc8+ 1-0

[Event "SVK-chT 1516"]
[Site "Slovakia"]
[Date "2016.04.09"]
[Round "10.5"]
[White "Martinovic, Sasa"]
[Black "Miton, Kamil"]
[Result "1-0"]
[WhiteElo "2519"]
[BlackElo "2610"]
[PlyCount "149"]
[EventDate "2015.10.10"]
[EventType "team-tourn"]
[EventRounds "11"]
[EventCountry "SVK"]
[SourceTitle "EXT 2017"]
[Source "ChessBase"]
[SourceDate "2016.10.25"]
[SourceVersion "1"]
[SourceVersionDate "2016.10.25"]
[SourceQuality "1"]
[WhiteTeam "Modra"]
[BlackTeam "Dunajov Inbest"]
[WhiteTeamCountry "SVK"]
[BlackTeamCountry "SVK"]

1. Nf3 d5 2. g3 c6 3. Bg2 Bg4 4. O-O Nd7 5. d3 e6 6. b3 Be7 7. Bb2 Bf6 8. d4 Bxf3 ({RR} 8... Be7 9. Nbd2 Ngf6 10. Re1 O-O 11. e4 dxe4 12. Nxe4 Nxe4 13. Rxe4 Bf5 14. Re3 a5 15. a3 Bf6 16. Qe2 Qc7 17. c4 Bg4 18. h3 Bxf3 19. Bxf3 Rad8 20. Rd1 Nb6 21. a4 c5 22. dxc5 Rxd1+ 23. Qxd1 {Vaganian,R (2645)-Razuvaev,Y (2585) Reggio Emilia 1995 ½-½}) 9. Bxf3 Ne7 10. c4 $146 ({RR} 10. e4 dxe4 11. Bxe4 O-O 12. Nd2 Qc7 13. c4 c5 14. Qc2 Ng6 15. d5 exd5 16. Bxd5 Bxb2 17. Qxb2 Nf6 18. Bg2 Rad8 19. Rae1 b6 20. Nb1 Rd1 21. Rxd1 Rd8 22. Qe2 Rxd1 23. Qxd1 Qe5 24. Bf3 {½-½ (24) Vaganian,R (2590)-Campora,D (2550) Manila 1992}) 10... dxc4 11. bxc4 e5 12. e3 exd4 13. exd4 O-O 14. Nd2 Nb6 15. c5 Nbd5 16. Ne4 Qc7 17. Re1 Rfd8 18. Qe2 Ng6 19. h4 Be7 20. h5 Nf8 21. Nc3 Bf6 22. Ne4 Ne6 23. Rad1 Ng5 24. Nd6 Nxf3+ 25. Qxf3 Rd7 26. Re4 Re7 27. Rde1 Rxe4 28. Rxe4 Qd7 29. Re1 Qc7 30. Re4 Qd7 31. Bc1 Rf8 32. Rg4 Kh8 33. Bg5 Bxg5 34. Rxg5 f6 35. Re5 b6 36. Kg2 h6 37. Re4 f5 38. Re5 f4 39. g4 bxc5 40. dxc5 Kg8 41. Nf5 Re8 42. Qe4 Rxe5 43. Qxe5 Kh7 44. Kf3 Nf6 45. Qd6 Qe8 46. Ne7 Kh8 47. Ng6+ Kh7 48. Ne5 Qc8 49. Qxc6 Qg8 50. Qd6 Qxa2 51. Qd3+ Kg8 52. c6 Qd5+ 53. Qxd5+ Nxd5 54. Ke4 Nc7 55. Kxf4 Kf8 56. Nc4 Ke7 57. Ke5 Ne8 58. f3 Nf6 59. Kd4 Ke6 60. Kc5 Ne8 61. f4 Nc7 62. f5+ Ke7 63. Na5 Na6+ 64. Kb5 Nc7+ 65. Kc5 Na6+ 66. Kd5 Nb4+ 67. Kc4 Nc2 68. Kb5 Nd4+ 69. Kc5 Nf3 70. Nc4 Kd8 71. Kd6 Nd4 72. Na5 Ke8 73. Nb7 a6 74. Kc5 Nb5 75. Nd6+ 1-0

[Event "Wch Rapid"]
[Site "Berlin"]
[Date "2015.10.10"]
[Round "1"]
[White "Mikhalevski, Victor"]
[Black "Savchenko, Boris"]
[Result "1-0"]
[WhiteElo "2536"]
[BlackElo "2567"]
[PlyCount "77"]
[EventDate "2015.10.10"]
[EventType "swiss (rapid)"]
[EventRounds "15"]
[EventCountry "GER"]
[SourceTitle "CBM 168 Extra"]
[Source "ChessBase"]
[SourceDate "2015.10.29"]
[SourceVersion "1"]
[SourceVersionDate "2015.10.29"]
[SourceQuality "1"]

1. Nf3 Nf6 2. g3 d5 3. Bg2 Bf5 4. O-O e6 5. d3 Be7 6. c4 Na6 ({RR} 6... Nbd7 7. Nh4 Bg6 8. cxd5 Nxd5 9. Nxg6 hxg6 10. e4 N5b6 11. d4 O-O 12. Nc3 c6 13. e5 Nd5 14. h4 Qa5 15. Qf3 Rfd8 16. Rd1 Nxc3 17. bxc3 Nb6 18. Rd3 Rd7 19. h5 gxh5 20. Qxh5 g6 21. Qg4 {Kramnik,V (2753)-Bareev,E (2643) Amsterdam 2019 1-0 (51)}) ({RR} 6... O-O 7. Be3 Nbd7 8. Nc3 c5 9. cxd5 exd5 10. d4 c4 11. Bf4 Qa5 12. Rc1 h6 13. Ne5 Rad8 14. Re1 b5 15. Nc6 {1-0 (15) Tabuenca Mendataurigoitia,D (2365)-Leve,N (2128) chess.com INT 2024}) 7. a3 $146 ({RR} 7. cxd5 exd5 8. b3 O-O 9. Bb2 Nc5 10. Nbd2 Re8 11. Rc1 Ne6 12. Nh4 Bg4 13. h3 Bh5 14. Ndf3 c6 15. g4 Bg6 16. Nxg6 hxg6 17. e3 Qb6 18. Qc2 Nh7 19. h4 Bf6 20. g5 Bxb2 21. Qxb2 Nhf8 {Roiz,M (2600)-Savchenko,B (2567) Berlin 2015 1-0}) 7... O-O 8. cxd5 exd5 9. b4 c6 10. Nbd2 Nc7 11. Nb3 Nfe8 12. Bb2 Nd6 13. Re1 Re8 14. Qc2 h6 15. e4 Bh7 16. Ne5 Bf8 17. f4 Qc8 18. f5 Qd8 19. Nc5 a5 20. Ned7 Be7 21. f6 gxf6 22. Rf1 dxe4 23. Nxf6+ Bxf6 24. Bxf6 Qc8 25. Bb2 Nd5 26. Nxe4 Nxe4 27. Bxe4 Qc7 28. Kh1 Qd7 29. Rae1 axb4 30. axb4 Re6 31. Qf2 Nxb4 32. Bxh7+ Kxh7 33. Qxf7+ Qxf7 34. Rxf7+ Kg8 35. Rg7+ Kf8 36. Rf1+ Ke8 37. Rg8+ Kd7 38. Rxa8 Nxd3 39. Rf7+ 1-0

[Event "Wch Rapid"]
[Site "Berlin"]
[Date "2015.10.10"]
[Round "2"]
[White "Kramnik, Vladimir"]
[Black "Ghaem Maghami, Ehsan"]
[Result "1-0"]
[WhiteElo "2777"]
[BlackElo "2596"]
[PlyCount "117"]
[EventDate "2015.10.10"]
[EventType "swiss (rapid)"]
[EventRounds "15"]
[EventCountry "GER"]
[SourceTitle "CBM 168 Extra"]
[Source "ChessBase"]
[SourceDate "2015.10.29"]
[SourceVersion "1"]
[SourceVersionDate "2015.10.29"]
[SourceQuality "1"]

1. Nf3 Nf6 2. g3 b5 3. Bg2 Bb7 4. O-O c5 5. d3 g6 6. e4 d6 ({RR} 6... Bg7 7. a4 b4 8. Nbd2 O-O 9. Nc4 Nc6 10. Re1 d6 11. Bd2 Nd7 12. Qc1 Nb6 13. Bh6 Nxc4 14. dxc4 e5 15. Bxg7 Kxg7 16. Nd2 Nd4 17. c3 bxc3 18. bxc3 Ne6 19. Nf1 f5 20. Rb1 Bxe4 21. Bxe4 {Santos Latasa,J (2978)-Carlsen,M (3244) Chess.com 2024 0-1 (47)}) 7. d4 $146 ({RR} 7. Bg5 Bg7 8. Qc1 O-O 9. Bh6 Qb6 10. Nc3 Nc6 11. Nh4 Nd4 12. Bxg7 Kxg7 13. Qd2 Rac8 14. Nd5 Bxd5 15. exd5 b4 16. c3 bxc3 17. bxc3 Nb5 18. Rfe1 Rfe8 19. Bh3 Rcd8 20. a4 Nc7 21. a5 Qb3 {Stripunsky,A (2624)-Berg,G (2119) Nassau 2001 1-0 (54)}) ({RR} 7. a4 b4 8. a5 Bg7 9. Nbd2 O-O 10. Nc4 d5 11. exd5 Nxd5 12. Re1 Nc6 13. a6 Bc8 14. Nfe5 Nxe5 15. Nxe5 e6 16. d4 Qc7 17. Bf4 g5 18. Bc1 Rb8 19. h4 gxh4 20. Qg4 f5 21. Qxh4 cxd4 {Brady,T (2164)-Foldes,M (2324) chess.com INT 2025 1-0 (34)}) ({RR} 7. Qe2 Bg7 8. Nh4 Nc6 9. f4 e6 10. Nc3 b4 11. Nd1 O-O 12. Ne3 Re8 13. Qf2 Qe7 14. g4 h6 15. g5 Nh5 16. Ng4 Kh7 17. e5 dxe5 18. f5 exf5 19. Nxf5 gxf5 20. Qxf5+ Kg8 21. gxh6 Nf6 {Mycroft,R (2117)-Eckersley Waites,A Millfield 2003 1-0}) 7... cxd4 8. Nxd4 a6 9. Re1 e5 10. Nb3 Bg7 11. a4 b4 12. a5 O-O 13. Ra4 Bc6 14. Rxb4 Bb5 15. c4 Nc6 16. cxb5 Nxb4 17. b6 Nc6 18. Nc3 Rc8 19. Bf1 Nb4 20. Bg5 Qd7 21. Nd2 Rc5 22. Be3 Rxa5 23. Nb3 Ra4 24. Nd2 Ra5 25. Nc4 Rc5 26. Bxc5 dxc5 27. Qxd7 Nxd7 28. Rd1 Nb8 29. Na4 Bf6 30. Nxc5 Rd8 31. Rxd8+ Bxd8 32. Bh3 f6 33. f4 exf4 34. gxf4 Kf7 35. Nd6+ Ke7 36. Nc8+ Ke8 37. Kf2 Be7 38. Na4 Kd8 39. Ke3 Bf8 40. Be6 Nd7 41. b7 Nb8 42. Ncb6 Kc7 43. Bc8 Bd6 44. Nc4 Nc2+ 45. Kd2 Nd4 46. Kd3 Ndc6 47. Nab6 Nb4+ 48. Kc3 Bc5 49. Na4 Bf8 50. e5 fxe5 51. fxe5 Nd5+ 52. Kd4 Ne7 53. Nab6 Kc6 54. Ke4 Bh6 55. e6 Bg7 56. Nd7 Kc7 57. Nxb8 Kxb8 58. Nb6 Kc7 59. Nd7 1-0

[Event "Wch Rapid"]
[Site "Berlin"]
[Date "2015.10.11"]
[Round "7"]
[White "Van Wely, Loek"]
[Black "Sanal, Vahap"]
[Result "1-0"]
[WhiteElo "2632"]
[BlackElo "2501"]
[PlyCount "89"]
[EventDate "2015.10.10"]
[EventType "swiss (rapid)"]
[EventRounds "15"]
[EventCountry "GER"]
[SourceTitle "CBM 168 Extra"]
[Source "ChessBase"]
[SourceDate "2015.10.29"]
[SourceVersion "1"]
[SourceVersionDate "2015.10.29"]
[SourceQuality "1"]

1. Nf3 {ChessBase II} Nf6 2. g3 e6 3. Bg2 b5 4. d3 Bb7 5. O-O Be7 6. e4 d5 ({RR} 6... O-O 7. Qe2 d6 8. Nbd2 c5 9. b3 Nc6 10. Bb2 Nd7 11. d4 cxd4 12. Nxd4 Nxd4 13. Bxd4 a5 14. Rfd1 Ba6 15. c4 bxc4 16. Nxc4 a4 17. Rac1 axb3 18. axb3 Rb8 19. Qa2 Bxc4 20. Rxc4 Rb5 21. Qc2) 7. e5 Nfd7 8. Re1 c5 9. h4 Nc6 10. Bf4 b4 11. Nbd2 Qb6 $146 ({RR} 11... a5 12. h5 ({RR} 12. Nf1 a4 13. a3 Qb6 14. Ne3 O-O 15. h5 Nd4 16. h6 g6 17. Ng4 b3 18. c3 Nc2 19. Bg5 Qd8 20. Bxe7 Qxe7 21. d4 Nxa1 22. Qxa1 Rfc8 23. Qc1 Ba6 24. Qe3 Rc7 25. Rd1 Rac8 26. dxc5 Rxc5) 12... h6 13. c4 bxc3 14. bxc3 Rb8 15. Nh2 Bg5 16. Qg4 Bxf4 17. gxf4 O-O 18. Ndf3 Ne7 19. Nh4 Bc8 20. f5 Nxf5 21. Nxf5 exf5 22. Qf4 Nb6 23. Nf3 d4 ({RR} 23... Be6 24. d4) 24. cxd4 Nd5 25. Qd2 cxd4 26. Nxd4 {Aflalo,S (2104)-Bollengier,A (2260) Brest 2018 EXT 2019 [ChessBase II] 0-1 (39)}) 12. Nf1 a5 13. Ne3 Rc8 14. c4 bxc3 15. bxc3 O-O 16. Rb1 Qa7 17. Ng4 Rb8 18. h5 Ba6 19. Rxb8 Rxb8 20. h6 g6 21. Nf6+ Nxf6 22. exf6 Bxf6 23. Bxb8 Qxb8 24. Qd2 Qd8 25. Rb1 g5 26. Qe3 d4 27. Qe4 Ne7 28. cxd4 cxd4 29. Ne5 Nd5 30. Qxd4 Qc7 31. Bxd5 Bxe5 32. Qb6 Bxd3 33. Qxc7 Bxc7 34. Rc1 exd5 35. Rxc7 Kf8 36. Rc5 d4 37. Rxa5 Be2 38. Ra4 d3 39. Rd4 g4 40. a4 Ke7 41. a5 Kf6 42. a6 d2 43. a7 d1=Q+ 44. Rxd1 Bxd1 45. a8=Q 1-0

[Event "Wch Rapid"]
[Site "Berlin"]
[Date "2015.10.11"]
[Round "9"]
[White "Tomashevsky, Evgeny"]
[Black "Bogdanovich, Stanislav"]
[Result "1-0"]
[WhiteElo "2758"]
[BlackElo "2590"]
[PlyCount "41"]
[EventDate "2015.10.10"]
[EventType "swiss (rapid)"]
[EventRounds "15"]
[EventCountry "GER"]
[SourceTitle "CBM 168 Extra"]
[Source "ChessBase"]
[SourceDate "2015.10.29"]
[SourceVersion "1"]
[SourceVersionDate "2015.10.29"]
[SourceQuality "1"]

1. Nf3 d5 2. g3 Nf6 3. Bg2 c6 4. O-O Bg4 5. h3 Bh5 6. d3 Nbd7 7. c4 e6 8. cxd5 exd5 9. e4 dxe4 10. dxe4 Nc5 11. Nc3 Qxd1 12. Rxd1 Be7 13. g4 Bg6 14. Nh4 $146 ({RR} 14. Ne5 Bxe4 15. Nxe4 Nfxe4 16. Re1 Nd6 17. Nxc6 Ne6 18. Nxe7 Kxe7 19. b3 Rhd8 20. Ba3 Rd7 21. Rad1 Rad8 22. Rd2 Ke8 23. f4 Nb5 24. Rxd7 Rxd7 25. Bb2 Kd8 26. Be5 g6 27. Re3 Nbd4 28. a4 b6 {Mikhalevski,V (2516)-Dziuba,M (2556) Chess.com INT 2017 1-0 (58)}) 14... Nfxe4 15. Nxe4 Bxe4 16. Bxe4 Bxh4 17. Bg2 Ne6 18. Be3 Ke7 19. f4 Rhd8 20. f5 Bg5 21. Re1 1-0

[Event "Wch Rapid"]
[Site "Berlin"]
[Date "2015.10.11"]
[Round "10"]
[White "Huzman, Alexander"]
[Black "Alekseev, Evgeny V"]
[Result "1-0"]
[WhiteElo "2580"]
[BlackElo "2642"]
[PlyCount "69"]
[EventDate "2015.10.10"]
[EventType "swiss (rapid)"]
[EventRounds "15"]
[EventCountry "GER"]
[SourceTitle "CBM 168 Extra"]
[Source "ChessBase"]
[SourceDate "2015.10.29"]
[SourceVersion "1"]
[SourceVersionDate "2015.10.29"]
[SourceQuality "1"]

1. Nf3 c5 2. b3 Nc6 3. Bb2 d5 4. e3 a6 5. Be2 Nf6 6. O-O Bg4 7. c4 ({RR} 7. h3 Bh5 8. c4 dxc4 9. bxc4 e6 10. Nc3 Be7 11. Rb1 O-O 12. Ba1 Rb8 13. Na4 Bg6 14. d3 b5 15. Bxf6 gxf6 16. cxb5 axb5 17. Nc3 Qa5 18. Rc1 Rfd8 19. a4 c4 20. d4 b4 21. Nb5 c3 {Firouzja,A (2777)-Yoo,C (2606) chess.com INT 2023 0-1 (88)}) ({RR} 7. h3 Bh5 8. d4 e6 9. Nbd2 Be7 10. c4 cxd4 11. Nxd4 Bg6 12. cxd5 Nxd4 13. Bxd4 exd5 14. Nf3 O-O 15. Ne5 Be4 16. Bd3 Re8 17. Ng4 Rc8 18. Bxe4 dxe4 19. Qe2 Nxg4 20. Qxg4 Bf8 21. Rac1 Re6 {Rakhmatullaev,A (2413)-Erzhanov,A (2132) Almaty KAZ 2025 ½-½}) 7... e6 8. cxd5 Nxd5 9. Nc3 $146 ({RR} 9. d4 Nf6 10. Ne5 Bxe2 11. Qxe2 Rc8 12. Rd1 cxd4 13. Nxc6 Rxc6 14. Bxd4 Qc7 15. Nd2 Be7 16. Nc4 O-O 17. Be5 Qc8 18. h3 Nd7 19. Bb2 Bf6 20. Rac1 Bxb2 21. Qxb2 Qc7 22. Na5 Rxc1 23. Qxc1 Rc8 {Taimanov,M (2500)-Balashov,Y (2515) Moscow 1986 ½-½}) 9... Nxc3 10. Bxc3 Bd6 11. Bxg7 Rg8 12. Bb2 Bh3 13. Ne1 Qh4 14. f4 O-O-O 15. Bf3 Ne7 16. Qc2 Kb8 17. Be5 Bxe5 18. fxe5 Nf5 19. Rc1 Bg4 20. Rf2 Qh5 21. Qxc5 Bxf3 22. Qc7+ Ka8 23. Nxf3 Rb8 24. Rc4 Nh6 25. h3 Rg3 26. Kf1 Nf5 27. Ke2 Qg6 28. e4 Ng7 29. Ne1 Qh5+ 30. Kf1 Qg5 31. Rxf7 Ne8 32. Qb6 Qxe5 33. Rxb7 Qf4+ 34. Kg1 Rxb7 35. Rc8+ 1-0

[Event "Wch Rapid"]
[Site "Berlin"]
[Date "2015.10.12"]
[Round "12"]
[White "Bachmann, Axel"]
[Black "Svane, Rasmus"]
[Result "1-0"]
[WhiteElo "2593"]
[BlackElo "2543"]
[PlyCount "77"]
[EventDate "2015.10.10"]
[EventType "swiss (rapid)"]
[EventRounds "15"]
[EventCountry "GER"]
[SourceTitle "CBM 168 Extra"]
[Source "ChessBase"]
[SourceDate "2015.10.29"]
[SourceVersion "1"]
[SourceVersionDate "2015.10.29"]
[SourceQuality "1"]

1. g3 d5 2. Nf3 Bg4 3. Bg2 e6 4. O-O Nf6 5. d3 Be7 6. h3 Bh5 7. Nbd2 O-O 8. g4 Bg6 9. Nh4 c5 10. e4 ({RR} 10. e3 Nfd7 11. Nxg6 hxg6 12. f4 Nc6 13. g5 d4 14. e4 e5 15. Nf3 exf4 16. Bxf4 Re8 17. e5 Nf8 18. h4 Ne6 19. Bg3 Nb4 20. Nd2 Nd5 21. Qf3 Ne3 22. Qxf7+ Kh7 23. Qxe6 Nxg2 24. Kxg2 Bxg5 {Padmini,R (2328)-Garifullina,L (2438) FIDE Online Arena INT 2024 1-0 (58)}) 10... Nc6 11. exd5 $146 ({RR} 11. c3 dxe4 12. Nxg6 hxg6 13. Nxe4 Nxe4 14. Bxe4 Qd7 15. Qe2 Rad8 16. Rd1 Qc7 17. Be3 Bd6 18. Bg2 Ne7 19. d4 c4 20. a4 Nd5 21. a5 Qc6 22. Bd2 Rc8 23. Rdc1 b5 24. axb6 axb6 25. Rcb1 b5 {Anagnostopoulos,D (2445)-Mastrovasilis,D (2280) Kavala 1998 ½-½ (52)}) 11... Nxd5 12. Nxg6 hxg6 13. Nc4 Qd7 14. a4 g5 15. c3 Rad8 16. a5 Qc7 17. Qe2 Rd7 18. h4 gxh4 19. f4 Rfd8 20. Qf2 b5 21. axb6 axb6 22. g5 b5 23. Nd2 h3 24. Bxh3 Nb6 25. Ne4 Rxd3 26. Bg2 Rd1 27. f5 exf5 28. Qxf5 Rxf1+ 29. Qxf1 c4 30. Bf4 Qd7 31. Bh3 Qd5 32. Re1 Na4 33. g6 f5 34. Ng3 Rf8 35. Qe2 Bc5+ 36. Kh2 Ne7 37. Qh5 Rf6 38. Bg2 Qd7 39. Rxe7 1-0

[Event "Wch Rapid"]
[Site "Berlin"]
[Date "2015.10.12"]
[Round "12"]
[White "Lagno, Kateryna"]
[Black "Ehlvest, Jaan"]
[Result "1-0"]
[WhiteElo "2523"]
[BlackElo "2535"]
[PlyCount "59"]
[EventDate "2015.10.10"]
[EventType "swiss (rapid)"]
[EventRounds "15"]
[EventCountry "GER"]
[SourceTitle "CBM 168 Extra"]
[Source "ChessBase"]
[SourceDate "2015.10.29"]
[SourceVersion "1"]
[SourceVersionDate "2015.10.29"]
[SourceQuality "1"]

1. Nf3 b6 2. g3 Bb7 3. Bg2 g6 4. O-O Bg7 5. c4 e6 6. Nc3 Ne7 7. d4 O-O 8. e4 d6 9. Be3 Nd7 10. Qd2 Nf6 11. d5 e5 12. b4 $146 ({RR} 12. h3 Nd7 13. Ng5 h6 14. Nf3 Kh7 15. Nh4 Ng8 16. Qc2 Bf6 17. Nf3 g5 18. g4 Ne7 19. Ne2 Rh8 20. Ng3 a5 21. Nh5 Ng6 22. a3 a4 23. Rab1 Kg8 24. Rfc1 Nf4 25. Ng3 Bc8 26. Qd2 Nf8 {Nikolic,D (1961)-Tasic,Z (2156) Pozarevac 2012 1-0 (41)}) 12... Ng4 13. c5 Nxe3 14. Qxe3 bxc5 15. bxc5 Ba6 16. Rfb1 f5 17. Ng5 Bh6 18. h4 f4 19. gxf4 exf4 20. Qf3 Bc8 21. Ne6 Bxe6 22. dxe6 Bg7 23. Rd1 Rc8 24. Rac1 Bxc3 25. Rxc3 Nc6 26. cxd6 Ne5 27. Qh3 Qf6 28. e7 Rfe8 29. d7 Nxd7 30. Rxd7 1-0